| 000 | 00680nam a22001937a 4500 | ||
|---|---|---|---|
| 005 | 20251108164754.0 | ||
| 008 | 250721s2008 xx 000 0 ara d | ||
| 082 | 1 | 4 | _a910.10285/عزا |
| 100 | 1 |
_aالعزاوي، ثائر مظهر فهمي _eمؤلف |
|
| 245 | 1 | 0 | _aArcview GIS مدخل إلى نظم المعلومات الجغرافية و بياناتها مع تطبيقات لبرنامج / |
| 264 | 1 |
_aعمان : _bدار الحامد، _c2008. |
|
| 300 | _a310ص. | ||
| 650 | 1 | 7 | _aنظم المعلومات الجغرافيه |
| 650 | 1 | 7 | _aالجغرافيا |
| 650 | 1 | 7 | _aعلم الحاسوب |
| 650 | 1 | 7 | _aالحواسيب |
| 942 |
_2ddc _cBK |
||
| 999 |
_c13992 _d13992 |
||